Paroles- Tu es donc j'apprends (Grand Corps Malade & Charles Aznavour) - Statistiques

Statistiques générales
  • Ce quiz a été pris 6 fois
  • Le résultat moyen est 264 sur 337
Statistiques - réponses
Réponse % Correct
à
100%
a
100%
au
100%
dans
100%
Dans
100%
de
100%
De
100%
des
100%
donc
100%
es
100%
est
100%
et
100%
Et
100%
Il
100%
il
100%
j'apprends
100%
Je
100%
je
100%
la
100%
le
100%
les
100%
ma
100%
ne
100%
pas
100%
quand
100%
que
100%
qui
100%
Qui
100%
(qui
100%
qu'il
100%
sais
100%
tout
100%
tu
100%
un
100%
Un
100%
vous
100%
assis
75%
auraient
75%
autres
75%
autres)
75%
aux
75%
banc
75%
beau
75%
besoin
75%
ce
75%
C'est
75%
choses
75%
Comme
75%
connais
75%
côté
75%
croit
75%
culture
75%
culture)
75%
curieux
75%
Découvrez
75%
(découvrez
75%
devient
75%
d'expérience
75%
dit
75%
faut
75%
fort
75%
fou
75%
gens
75%
grand
75%
homme
75%
J'ai
75%
J'apprendrai
75%
J'étais
75%
juste
75%
l'âge
75%
L'homme
75%
(l'homme
75%
l'humain
75%
m’assois
75%
me
75%
mes
75%
moi
75%
moins
75%
Nous
75%
on
75%
ouvert
75%
ouvre
75%
parlaient
75%
parle
75%
partage
75%
pense
75%
peu
75%
plus"
75%
plus
75%
pourtant
75%
près
75%
privilège
75%
"Quel
75%
qu'en
75%
s'assit
75%
sauf
75%
se
75%
sens
75%
Si
75%
s'il
75%
solitaire
75%
solitaire)
75%
sot
75%
suis
75%
sur
75%
une
75%
vieil
75%
vôtre
75%
yeux
75%
ainsi
50%
astuce
50%
avec
50%
Avec
50%
avons
50%
bulle
50%
Cessons
50%
cette
50%
ciel
50%
cinq
50%
confiant
50%
couleur
50%
croise
50%
Croisons
50%
croyez
50%
d'air
50%
désert
50%
différences
50%
dommage
50%
entrant
50%
Faisons
50%
fermant
50%
franchir
50%
habitudes
50%
humeur
50%
idées
50%
inconnus
50%
inconnus)
50%
Jeune
50%
l'air
50%
l'aise
50%
l'altitude
50%
l'ignorance
50%
l'ignorance)
50%
mélanges
50%
minutes
50%
moment
50%
monde
50%
nos
50%
(nos
50%
notre
50%
orgueil
50%
parc
50%
parenthèse
50%
parlent
50%
Parlons
50%
(parlons
50%
Partageons
50%
pensées
50%
Perdu
50%
petit
50%
phrase
50%
Prenons
50%
pris
50%
quitterons
50%
regard
50%
regarda
50%
rencontres
50%
riches
50%
sans
50%
seuil
50%
Sortons
50%
(sortons
50%
sous
50%
temps
50%
terrain
50%
valeurs)
50%
voir
50%
voix
50%
s'approcha
25%
Aucun quiz correspondant
Distribution des résultats
% des personnes avec chaque résultat
Percentile par nombre de réponses
Votre historique - résultats
Vous n’avez pas pris ce quiz